000 01220cam a22003617a 4500
001 14932491
003 NUST
005 20240229110449.0
008 070718s2007 sz ae b 001 0 eng d
010 _a 2007933206
020 _a9783764374709
020 _a3764374705
035 _a(OCoLC)ocn150359492
038 _aMalang Jan
040 _aBTCTA
_cBTCTA
_dYDXCP
_dBAKER
_dOHX
_dORU
_dDLC
041 1 _aeng
_hger
042 _alccopycat
050 0 0 _aTA668
_b.J47 2007
082 0 0 _a721.0449923
_222
_bJES
100 1 _aJeska, Simone.
_934360
245 1 0 _aTransparent plastics :
_bdesign and technology /
_cSimone Jeska .
260 _aBasel ;
_aBoston :
_bBirkhäuser,
_cc2007.
300 _a159 p. :
_bcol. ill., plans ;
_c31 cm.
504 _aIncludes bibliographical references (p. 154-155) and index.
546 _aText in English, translated from the German.
650 0 _aPlastics in building.
_943283
650 0 _aTransparency in architecture.
_9121664
650 0 _aBuildings, Plastic.
_9121665
906 _a7
_bcbc
_ccopycat
_d2
_encip
_f20
_gy-gencatlg
942 _2ddc
_cBK
999 _c608472
_d608472